| 000 | 00355nam a2200145Ia 4500 | ||
|---|---|---|---|
| 008 | 150201s2009 xx 000 0 und d | ||
| 082 |
_a610 _bE09R |
||
| 100 | _aREDDY, A.N.V. | ||
| 245 | _aESSENTIALS OF PSYCHOLOGY | ||
| 250 | _a1ST | ||
| 260 |
_bJAYPEE BROTHERS _aDELHI _c2009 |
||
| 300 | _a1-221 | ||
| 650 | _aMEDICINE AND DIAGNOSIS | ||
| 942 |
_2ddc _cBK _010 |
||
| 999 |
_c209 _d209 |
||